Cristianismo anti-burgués

שמור ב:
מידע ביבליוגרפי
מחבר ראשי: Vidales, Raúl
פורמט: לא ידוע
שפה:Spanish
יצא לאור: San José, Costa Rica Departamento Ecuménico de Investigaciones c1978
סדרה:Dei-Educa, Aportes
נושאים:
תגים: הוספת תג
אין תגיות, היה/י הראשונ/ה לתייג את הרשומה!

MARC

LEADER 000000000a22000000004500
001 001843
003 CIICLA
005 20140128090344.0
007 ta
008 140128s1978 cr |||g |||| 000 0 spa d
040 |c cru CIICLA Universidad de Costa Rica 
041 0 |a español 
092 0 |a 261.83 V649c 
100 1 |a Vidales, Raúl 
245 1 0 |a Cristianismo anti-burgués  |c Raúl Vidales 
260 |a San José, Costa Rica   |b Departamento Ecuménico de Investigaciones   |c c1978 
300 |a 137 páginas 
490 0 |a Dei-Educa, Aportes   |x 2 
500 |a número de inscripción 00856 
650 4 |a TEOLOGIA DE LA LIBERACION 
942 |2 ddc  |c BK 
999 |c 2736  |d 2736